| 000 | 01077cam a2200337Ia 4500 | ||
|---|---|---|---|
| 001 | 98483 | ||
| 005 | 20230410123634.0 | ||
| 008 | 090511s2006 sp b 000 0 spa d | ||
| 035 | _a(OCoLC)ocn320755879 | ||
| 040 |
_aPSA _bspa _cPSA _dBNM |
||
| 020 | _a8498360382 | ||
| 020 | _a9788498360387 | ||
| 035 | _a(OCoLC)320755879 | ||
| 043 | _ae-sp--- | ||
| 050 | 1 | 4 |
_aKKT 3067 _bA675d 2006 |
| 100 | 1 | _aArco Torres, Miguel Angel del. | |
| 245 | 1 | 0 |
_aDerecho de la construcción : _b(aspectos administrativos y civiles) / _cMiguel Angel del Arco Torres; Manuel Pons González. |
| 250 | _a7a ed. | ||
| 260 |
_aGranada : _bComares, _c2006. |
||
| 300 |
_axxix, 627 p. ; _c25 cm. |
||
| 440 | 0 | _aBiblioteca Comares de ciencia jurídica | |
| 504 | _aIncluye referencias bibliogríficas. | ||
| 650 | 0 |
_aBuilding laws _zSpain. |
|
| 650 | 0 |
_aConstruction contracts _zSpain. |
|
| 650 | 4 |
_aDerecho de construcción _zEspaña. |
|
| 650 | 4 |
_aContratos de construcción _zEspaña. |
|
| 700 | 1 | _aPons González, Manuel. | |
| 942 |
_2lcc _cbk |
||
| 946 | _aINF | ||
| 994 |
_aC0 _bDRFGD |
||
| 999 |
_c65364 _d65364 |
||